Fundamentals of environmental economics / (Record no. 2236)

MARC details
000 -LEADER
fixed length control field 00650nam a2200157 4500
020 ## - INTERNATIONAL STANDARD BOOK NUMBER
ISBN 8189937022 9788189937027
050 ## - CALL NUMBER
Classification number HC79
Item number .Se4
100 ## - AUTHOR
Personal name V. Selviraj
245 ## - TITLE
Title Fundamentals of environmental economics /
Statement of responsibility, etc V. Selviraj
260 ## - PUBLICATION INFORMATION
Place of publication New Delhi
Name of publisher Arise
Year of publication 2008
300 ## - DESCRIPTION
Number of Pages 224p.
Other physical details S. graph. Darst
Dimensions 24cm.
500 ## - NOTES
General note Literaturverz. S. [221] - 224<br/>
505 ## - FORMATTED CONTENTS NOTE
Table of Content Environmental economics<br/>Market strategies<br/>Public policies and economics<br/>Economics of environmental problems<br/>Economics of natural resources<br/>Economics of environmental policies<br/>Instruments and environmental policy <br/>
650 ## - SUBJECTS
Topical Term Economics develpment
942 ## - ADDED ENTRY ELEMENTS (KOHA)
Koha item type Books
Holdings
Withdrawn status Lost status Collection code Home library Current library Shelving location Date acquired Full call number Accession Number Koha item type Copy number
    Reference Methodist University Library Main Methodist University Library Main General Stacks   HC79 .Se4 23958 Books  
    Reference Methodist University Library Main Methodist University Library Main General Stacks   HC79 .Se4 23960 Books 2
    Reference Methodist University Library Main Methodist University Library Main General Stacks   HC79 .Se4 23959 Books 3
Copyright © 2026  MUG Library